Concordancia entre el Código civil francés y los códigos civiles extrangeros / (Record no. 46041)

MARC details
000 -LEADER
campo de control de longitud fija 00907nam a2200217 i 4500
001 - NÚMERO DE CONTROL
campo de control 46041
003 - IDENTIFICADOR DE NÚMERO DE CONTROL
campo de control ES-MaACL
005 - FECHA Y HORA DE LA ÚLTIMA TRANSACCIÓN
campo de control 20250808084602.0
007 - CAMPO FIJO DE DESCRIPCIÓN FÍSICA--INFORMACIÓN GENERAL
campo de control de longitud fija t|
008 - DATOS DE LONGITUD FIJA--INFORMACIÓN GENERAL
campo de control de longitud fija 030327s1843 sp ||||1| spa d
245 00 - MENCIÓN DEL TÍTULO
Título Concordancia entre el Código civil francés y los códigos civiles extrangeros /
Mención de responsabilidad, etc. traducida del francés por F. Verlanga Huerta y J. Muñiz Miranda.
260 ## - PUBLICACIÓN, DISTRIBUCIÓN, ETC.
Lugar de publicación, distribución, etc. Madrid :
Nombre del editor, distribuidor, etc. [s.n.],
Fecha de publicación, distribución, etc. 1843 (
Fabricante Imp. de Jenes)
300 ## - DESCRIPCIÓN FÍSICA
Extensión XXIX, 328 p. ;
Dimensiones 27 cm.
505 8# - NOTA DE CONTENIDO CON FORMATO
Nota de contenido con formato Contiene el texto de los códigos: 1º. Francés. 2º. De las Dos Sicilias. 3º. De la Luisiana. 4º. Sardo. 5º. Del cantón de Vaud. 6º. Holandés. 7º. Bávaro...
650 04 - PUNTO DE ACCESO ADICIONAL DE MATERIA--TÉRMINO DE MATERIA
Término de materia o nombre geográfico como elemento de entrada Derecho civil-
Subdivisión geográfica Francia.
9 (RLIN) 11665
650 #7 - PUNTO DE ACCESO ADICIONAL DE MATERIA--TÉRMINO DE MATERIA
Término de materia o nombre geográfico como elemento de entrada Derecho civil-
Subdivisión geográfica Europa
Fuente del encabezamiento o término
9 (RLIN) 171511
700 1# - ENTRADA AGREGADA--NOMBRE PERSONAL
Nombre de persona Verlanga Huerta, Fermín.
9 (RLIN) 114143
700 1# - ENTRADA AGREGADA--NOMBRE PERSONAL
Nombre de persona Muñiz Miranda, Juan.
9 (RLIN) 84278
852 ## - LOCALIZACIÓN
Ubicación ES-MaACL
Número de control de estantería B-4294
Holdings
Estatus retirado Estado de pérdida Estado de daño No para préstamo Colección Biblioteca de origen Biblioteca actual Ubicación en estantería Fecha de adquisición Fuente de adquisición Total de préstamos Signatura topográfica completa Código de barras Visto por última vez Precio de reemplazo Tipo de ítem Koha
        Libros del s. XIX Biblioteca del Ateneo de Madrid Biblioteca del Ateneo de Madrid Sala Pardo Bazán 17/01/2008     B-4294 1048437 23/02/2023 23/02/2023 Libro impreso antiguo